000 00406cam a2200169ua 4500
020 _c2.50
041 _amal
_h
082 _a951
_bCHA/PU
100 _aChandrasekhar, S .
245 _aPuthiya China /
_cS Chandrasekhar.
_hTextual Documents
260 _aKonni :
_bVenus Press & Book Depot, ,
_c1963.
300 _a274 ; .
365 _a2.50
504 _a
942 _cBK
999 _c6347
_d6347